|
|
|
|
| LEADER |
02727nam a2200385 a 4500 |
| 001 |
5953 |
| 003 |
BD-DhAAL |
| 008 |
100407s1992 bg ab b 001 0 eng d |
| 010 |
|
|
|a 92906627
|
| 020 |
|
|
|a 9840511947 :
|c Tk360.00
|
| 040 |
|
|
|a DLC
|c DLC
|d DLC
|d DB-DhAAL
|
| 082 |
0 |
0 |
|a 363.34922095492
|2 20
|
| 245 |
0 |
0 |
|a From crisis to development :
|b coping with disasters in Bangladesh /
|c edited by Hameeda Hossain, Cole P. Dodge, F.H. Abed.
|
| 260 |
|
|
|a Dhaka, Bangladesh :
|b University Press,
|c 1992.
|
| 300 |
|
|
|a xviii, 398 pages :
|b illustrations, maps ;
|c 22 cm.
|
| 504 |
|
|
|a Includes bibliographical references and index.
|
| 526 |
|
|
|a BIED, BIGD
|
| 541 |
1 |
|
|a University Press Limited, Complimentary copy from BIED
|e 5953, 16730, 35971
|
| 650 |
|
0 |
|a Disaster relief
|z Bangladesh.
|9 38273
|
| 650 |
|
0 |
|a Community development
|z Bangladesh.
|9 38274
|
| 700 |
1 |
|
|a Hossain, Hameeda.
|9 38275
|
| 700 |
1 |
|
|a Dodge, Cole P.
|9 38276
|
| 700 |
1 |
|
|a Abed, F. H.
|9 38277
|
| 852 |
4 |
|
|a Ayesha Abed Library
|c General Stacks
|
| 942 |
|
|
|2 ddc
|c BK
|
| 999 |
|
|
|c 8003
|d 8003
|
| 952 |
|
|
|0 0
|1 0
|2 ddc
|3 Need to change call number
|4 0
|6 363_349220954000000_FRO_1992
|7 0
|9 9058
|a BRACUL
|b BRACUL
|c GEN
|d 2010-04-07
|l 1
|m 9
|o 363.349220954 FRO
|p 3010005953
|q 2026-07-28
|r 2021-11-25
|s 2021-11-25
|t 3
|w 2010-04-07
|y BK
|
| 952 |
|
|
|0 0
|1 0
|2 ddc
|4 0
|6 363_349220954920000_FRO
|7 0
|9 9122
|a BRACUL
|b BRACUL
|c GEN
|d 2010-04-08
|g 360.00
|l 0
|o 363.34922095492 FRO
|p 3010016463
|r 2010-04-08
|t 5
|w 2010-04-08
|y BK
|
| 952 |
|
|
|0 0
|1 0
|2 ddc
|4 0
|6 363_349220954920000_FRO
|7 0
|9 9124
|a BRACUL
|b BRACUL
|c GEN
|d 2010-04-08
|g 360.00
|l 0
|o 363.34922095492 FRO
|p 3010014735
|r 2010-04-08
|t 4
|w 2010-04-08
|y BK
|
| 952 |
|
|
|0 0
|1 0
|2 ddc
|4 0
|6 363_349220954920000_FRO
|7 0
|9 9125
|a BRACUL
|b BRACUL
|c GEN
|d 2010-04-08
|g 360.00
|l 1
|o 363.34922095492 FRO
|p 3010004772
|r 2023-06-01
|s 2023-05-24
|t 2
|w 2010-04-08
|y BK
|
| 952 |
|
|
|0 0
|1 0
|2 ddc
|4 0
|6 363_349229549200000_FRO
|7 0
|9 11073
|a BIGD
|b BIGD
|c GEN
|d 2010-06-17
|l 0
|o 363.3492295492 FRO
|p 3050020340
|r 2010-06-17
|t 8
|w 2010-06-17
|y BK
|x Transferred from BDI to BIGD.
|
| 952 |
|
|
|0 0
|1 0
|2 ddc
|4 0
|6 363_340000000000000_922095492_FRO
|7 0
|9 43060
|a SCL
|b SCL
|c GEN
|d 1999-01-03
|g 360.00
|l 0
|o 363.34922095492 FRO
|p 3020001233
|r 2014-07-09
|t 1
|w 2014-07-09
|y BK
|
| 952 |
|
|
|0 0
|1 0
|2 ddc
|4 0
|6 363_349220954920000_FRO
|7 0
|9 43463
|a BIGD
|b BIGD
|d 2007-11-28
|g 360.00
|l 0
|o 363.34922095492 FRO
|p 3010016729
|r 2014-08-25
|t 6
|w 2014-08-25
|y BK
|
| 952 |
|
|
|0 0
|1 0
|2 ddc
|4 0
|6 363_349220954920000_FRO
|7 0
|9 67438
|a BRACUL
|b BRACUL
|c GEN
|d 2019-12-11
|e Complimentary copy from BIED
|l 0
|o 363.34922095492 FRO
|p 3010035971
|r 2019-12-11
|t 9
|w 2019-12-11
|y BK
|x Transferred from BIED to General Stacks
|
| 952 |
|
|
|0 0
|1 0
|2 ddc
|4 0
|6 363_349220954920000_FRO
|7 0
|9 77699
|a BIGD
|b BIGD
|d 2025-05-06
|e University Press Limited
|l 0
|o 363.34922095492 FRO
|p 3050016730
|r 2025-05-06
|t 7
|w 2025-05-06
|y BK
|